000 00478pab a2200145 454500
008 180718b1988 xxu||||| |||| 00| 0 eng d
100 _aRahman, Atuir
245 _aPersistence and polarisation in rural Bangladesh
_bSmall farmers are being proletarianised - a note on persistence and polarisation by Bhaduri etal
260 _c1988
300 _a283-7
362 _aJan.
650 _aIncome Distribution - Bangladesh
773 _aJournal of Peasant Studies
909 _a10276
999 _c10276
_d10276